000
00346 a2200157 4500
001
193187
020
_a
978-85-8415-091-5
040
_c
Magnum
100
_a
Rocha, Silvina
240
1
0
_a
Os carneirinhos de lalá
_l
por
245
1
0
_a
Os carneirinhos de lalá
300
_a
31
362
0
_a
2017
697
_a
LITERATURA INFANTIL
942
_c
BK
999
_c
193187
_d
193187